000 00673nam a22002177a 4500
003 UA-OsUOA
001 58859
007 ta
008 20090302b un ||||| |||| 00| 0 ukr d
100 _aМанохина И.
090 _a82
_bМ23
942 _cSA
040 _aUA-OsUOA
_brus
_cUA-OsUOA
_dUA-OsUOA
245 _aХудожественные открытия модернистской прозы первой половины ХХ в.
300 _aС.24-30
955 _a0
041 _arus
080 _a82
773 0 _w58852
_tЗарубіжна література
_dК.
_d2009
_g7
650 7 _a82 Література. Літературознавство
_2UDC
999 _c344943
_d344943